000
00256nam a22001217a 4500
003
SGT
082
_a
823
_b
GAS
100
_a
GASKELL ELIZABETH
245
_a
RETURN TO CRANFORD
260
_a
U.K
_b
BLOOMSBURY PUB
_c
2009
300
_a
331
942
_2
ddc
_c
BK
999
_c
33535
_d
33535